Catálogo

STONE AND WATER (Registro nro. 46551)

Detalles MARC
000 -LEADER
fixed length control field 00835nam a2200205 a 4500
001 - CONTROL NUMBER
control field 46551
005 - DATE AND TIME OF LATEST TRANSACTION
control field 20180714030146.0
008 - FIXED-LENGTH DATA ELEMENTS--GENERAL INFORMATION
fixed length control field 140415s1997 000 0 eng d
020 ## - INTERNATIONAL STANDARD BOOK NUMBER
International Standard Book Number 1888931035
041 ## - LANGUAGE CODE
Language code of text/sound track or separate title eng
082 ## - DEWEY DECIMAL CLASSIFICATION NUMBER
Classification number 729.6
Item number MUR
100 1# - MAIN ENTRY--PERSONAL NAME
Personal name MURASE, ROBERT
245 10 - TITLE STATEMENT
Title STONE AND WATER
250 ## - EDITION STATEMENT
Edition statement 1a ed.
260 ## - PUBLICATION, DISTRIBUTION, ETC.
Place of publication, distribution, etc. [s.l.] :
Name of publisher, distributor, etc. SPACEMAKER PRESS,
Date of publication, distribution, etc. 1997
300 ## - PHYSICAL DESCRIPTION
Extent 64
Dimensions 27 x 0.5 x 26.9
490 ## - SERIES STATEMENT
Series statement LANDMARKS
520 ## - SUMMARY, ETC.
Summary, etc. ESTE LIBRO HABLA ACERCA DE PROYECTOS QUE ESTE AUTOR HA REALIZADO. ESTE LIBRO CUENTA CON DOS ELEMENTOS MUY IMPORTANTES. EL PRIMERO HABLA ACERCA DE LA FUERZA Y EL AGUA Y EL OTRO SOBRE LA INFLUENCIA JAPONESA QUE EJERCE SOBRE ESTE AUTOR Y FINALMENTE EL AUTOR PLASMA SU GRAN HABILIDAD PARA LA REALIZACION DE ESTE MATERIAL
650 14 - SUBJECT ADDED ENTRY--TOPICAL TERM
Topical term or geographic name entry element ARQUITECTURA
General subdivision PIEDRAS DE CONSTRUCCION
Existencias
Withdrawn status Lost status Source of classification or shelving scheme Damaged status Not for loan Collection code Home library Current library Shelving location Date acquired Source of acquisition Inventory number Total Checkouts Full call number Barcode Date last seen Price effective from Koha item type
    Dewey Decimal Classification     General Biblioteca Karol Wojtyla Biblioteca Karol Wojtyla Sala general 03/12/2013 Compra 151000000000000000027085   729.6 MUR 69796 05/01/2026 03/12/2013 Libro